EL MOVIMIENTO OBRERO LATINOAMERICANO /

INCLUYE BIBLIOGRAFIA

Guardado en:
Bibliografiske detaljer
Hovedforfatter: Poblete Troncoso, Moisés (autor)
Format: Bog
Serier:TIERRA FIRME; 17
Fag:
Tags: Tilføj Tag
Ingen Tags, Vær først til at tagge denne postø!

MARC

LEADER 00000nam^a2200000^a^4500
001 000229864
005 20250521000000.0
009 20260526132254.613
035 |a 050368 
037 |a Acervo Xavier Clavigero 
082 |a 331. 8  |b POB 
100 |a Poblete Troncoso, Moisés  |e (autor) 
245 1 3 |a EL MOVIMIENTO OBRERO LATINOAMERICANO /  |c MOISES POBLETE TRONCOSO 
264 |a MEXICO :  |b FCE,  |c 1946 
300 |a 296p. 
336 |a texto  |b txt  |2 rdacontenido 
337 |a sin mediación  |b n  |2 rdamedio 
338 |a volumen  |b nc  |2 rdasoporte 
440 |a TIERRA FIRME;  |v 17 
520 |a INCLUYE BIBLIOGRAFIA 
649 |a XX 
650 |a SINDICALISMO -  |x HISPANOAMERICA 
650 |a TRABAJO Y TRABAJADORES -  |x HISPANOAMERICA 
910 |a Fondo General 
920 |a Impresos - Libros 
930 |a Colección General 
905 |a 101 
901 |a 050368  |b IT1  |c ACC  |i 050368  |u 20250521 
902 |a https://opac.biblio.iteso.mx/vufind/Record/000229864